00253nam a22000977a 4500008004100000020001500041082002200056245004200078260002700120300000800147230704b xxu||||| |||| 00| 0 eng d a9966957480 a342.023bYAA 2002 aConstitutional Agenda by Young People bThe Youth Agendac2002 a42p